000 00801cab a2200253 4500
001 WB3002-43
008 090401t1994 xxu||||| |||| 00| 0 eng d
035 _a(Sirsi) u47579
041 _aeng
100 _aFreer, P.
245 _aTenants and VAT
260 _c1994
350 _a0
490 _aCSW - The Property Week
_v46(2) 13 January 1994, 38-39(1)
520 _aDiscusses "N Iliffe and DC Holloway" VAT Tribunal 29 July 1993, in which VAT was sought from the tenant on payments by the landlord of mortgage interest above a specified rate agreed on the granting of the lease.
650 _aINCENTIVES
650 _aLEASE INCENTIVES
650 _aMARKETING
650 _aMORTGAGE CAPPING
650 _aVALUE ADDED TAX
690 _aTAXATION
942 _n0
948 _c04/03/1997
999 _c29999
_d29999